Manual de Psicopatología/ (Registro nro. 9972)

Detalles MARC
000 -LEADER
fixed length control field 01458nam a2200205Ia 4500
005 - FECHA Y HORA DE LA ÚLTIMA TRANSACCIÓN
control field 20231029095226.0
008 - FIXED-LENGTH DATA ELEMENTS--GENERAL INFORMATION
fixed length control field 231028s9999 xx 000 0 und d
020 ## - INTERNATIONAL STANDARD BOOK NUMBER
International Standard Book Number 84-481-1834-0
040 ## - CATALOGING SOURCE
Original cataloging agency UPAN
Transcribing agency Biblioteca San Vicente
Description conventions RCAA22
041 ## - LANGUAGE CODE
Language code of text/sound track or separate title spa
082 ## - DEWEY DECIMAL CLASSIFICATION NUMBER
Classification number 616.89
Item number B455m
año de publicación 2004
100 ## - MAIN ENTRY--PERSONAL NAME
Personal name Belloch, Amparo
Relator code aut.
245 #0 - TITLE STATEMENT
Title Manual de Psicopatología/
Statement of responsibility, etc Amparo Belloch, Bonifacio Sandín, Francisco Ramos
260 ## - PUBLICATION, DISTRIBUTION, ETC. (IMPRINT)
Place of publication, distribution, etc España:
Name of publisher, distributor, etc McGraw Hill,
Date of publication, distribution, etc 2004
300 ## - PHYSICAL DESCRIPTION
Extent 613 p.;
Dimensions 25 cm.
505 ## - FORMATTED CONTENTS NOTE
Formatted contents note Parte I: Marco general<br/>1. Historia de la psicopatología <br/>2. Conceptos y modelos en psicopatología<br/>3. Métodos de investigación en psicopatología<br/>4. Clasificacion y diagnostico en psicopatologia<br/>Parte II: Psicopatología y procesos psicológicos<br/>5. Psicopatología en la atención.<br/>6. Psicopatología de la percepción y la imaginación<br/>7. Psicopatología de la memoria<br/>8. Psicopatología del pensamiento (I): los trastornos formales del pensamiento<br/>9. Psicopatología del pensamiento (II): Los delirios<br/>10. Psicopatologia del lenguaje<br/>Parte III: Trastornos asociados a necesidades biológicas y adicciones.<br/>11. Los trastornos del sueño<br/>12. Trastornos sexuales.<br/>13. Alcoholismo<br/>14. Drogodependencias<br/>15. Trastornos alimentarios<br/>16. Trastornos de control de impulsos: el juego patológico<br/>17. Trastornos psicomotrices.
650 ## - SUBJECT ADDED ENTRY--TOPICAL TERM
Source of heading or term LEMB
Topical term or geographic name as entry element Psicopatología
Form subdivision Manual
700 ## - ADDED ENTRY--PERSONAL NAME
Personal name Sandin, Bonifacio
Relator code aut.
942 ## - ADDED ENTRY ELEMENTS (KOHA)
Koha item type Libros
Source of classification or shelving scheme Dewey Decimal Classification
Existencias
Withdrawn status Lost status Source of classification or shelving scheme Damaged status Not for loan Collection code Home library Current library Date acquired Total Checkouts Full call number Barcode Date last seen Copy number Price effective from Koha item type
    Dewey Decimal Classification     Referencia Biblioteca UPAN San Vicente Biblioteca UPAN San Vicente 28/10/2023   616.89 B455m 12001538 28/10/2023 01 28/10/2023 Libros